Administración y control de inventario de materiales de construcción en empresas constructoras del sector vivienda
Guardado en:
| Hovedforfatter: | |
|---|---|
| Format: | Bog |
| Sprog: | Spanish |
| Udgivet: |
[San José], Costa Rica
2015
|
| Fag: | |
| Tags: |
Tilføj Tag
Ingen Tags, Vær først til at tagge denne postø!
|
MARC
| LEADER | 00000nam a22000007a 4500 | ||
|---|---|---|---|
| 003 | 012327 | ||
| 005 | 20221231144035.0 | ||
| 008 | 160204b2015 cr a|||| |||| 00| ||spa d | ||
| 040 | |c cru CEDI | ||
| 090 | |a TFG 7491 | ||
| 100 | |9 2992 |a Lobo Solano, Erick | ||
| 245 | |a Administración y control de inventario de materiales de construcción en empresas constructoras del sector vivienda | ||
| 260 | |a [San José], Costa Rica |c 2015 | ||
| 500 | |a Proyecto de graduación (licenciatura en ingeniería civil)--Universidad de Costa Rica. Facultad de Ingeniería. Escuela de Ingeniería Civil | ||
| 650 | |x INVENTARIOS |x CONTROL DE INVENTARIOS |x CONTROL INTERNO |x GESTION EMPRESARIAL |x INDUSTRIA DE LA CONSTRUCCION |9 2993 | ||
| 942 | |c TFG | ||
| 999 | |c 16019 |d 16019 | ||
